000 00322nam a2200133Ia 4500
005 20260328104300.0
008 260328s9999||||xx |||||||||||||| ||und||
100 _aMinguet, Josep Maria
245 0 _aMini Plazas /
_cJosep Maria Minguet
260 _bMonsa
300 _a256 p.
650 _aESPACIO PUBLICO
942 _cBK
999 _c10569
_d10569